Rock-Paper-Scissors Minefield Quiz Stats

 Plays Quiz Updated Jun 27, 2014

Support Sporcle.
Go Orange.
Score 0/60 Timer 01:00
1 Play Today
What beats it? Enter R, S or P % Correct
Rock???
42.8%
Rock???
42.7%
Rock???
42.7%
Rock???
42.7%
Scissors???
42.7%
Rock???
42.7%
Rock???
42.6%
Rock???
42.7%
Rock???
42.6%
Rock???
42.6%
Rock???
42.6%
Rock???
42.6%
Rock???
42.6%
Rock???
42.6%
Rock???
42.6%
Rock???
42.6%
Rock???
42.6%
Rock???
42.5%
Rock???
42.5%
Scissors???
42.5%
Rock???
42.5%
Scissors???
42.5%
Scissors???
42.5%
Scissors???
42.5%
Scissors???
42.4%
Scissors???
42.4%
Scissors???
42.4%
Paper???
42.4%
Paper???
42.4%
Scissors???
42.4%
What beats it? Enter R, S or P % Correct
Scissors???
42.4%
Scissors???
42.4%
Scissors???
42.4%
Scissors???
42.4%
Scissors???
42.4%
Scissors???
42.4%
Scissors???
42.3%
Scissors???
42.4%
Scissors???
42.4%
Paper???
42.3%
Paper???
42.3%
Paper???
42.3%
Paper???
42.3%
Paper???
42.3%
Scissors???
42.3%
Paper???
42.3%
Paper???
42.3%
Paper???
42.3%
Paper???
42.3%
Paper???
42.3%
Paper???
42.3%
Paper???
42.3%
Paper???
42.2%
Paper???
42.2%
Paper???
42.2%
Paper???
42.2%
Paper???
42.2%
Rock???
40.4%
Paper???
40.1%
Scissors???
40%

You're not logged in!

Compare scores with friends on all Sporcle quizzes.
OR
Log In

From the Vault

NBA Coach of the Year

by Ben

Sometimes the best coaches don't win the championships, they just do the best job of keeping a bunch of huge, very strong men from killing each other.
Remove Ads.
Support Sporcle.
Get the best of Sporcle when you Go Orange. This ad-free experience offers more features, more stats, and more fun while also helping to support Sporcle. Thank you for becoming a member.

Show Comments

Extras

Top Quizzes Today


Score Distribution

Your Account Isn't Verified!

In order to create a playlist on Sporcle, you need to verify the email address you used during registration. Go to your Sporcle Settings to finish the process.

Report this User

Report this user for behavior that violates our Community Guidelines.

Details: